000 01294nam a2200337 i 4500
003 EG-GICUC
005 20260405161432.0
008 260405s1986 fr |fr|||| 001 0 fre d
020 _a2275009132
040 _aEG-GiCUC
_bfre
_cEG-GiCUC
_dEG-GiCUC
_erda
041 0 _afre
082 0 4 _221
_a341.48
_bDO . C
092 0 4 _221
099 _aLaw1 11 341.48 DO . C 1986
100 1 _aDouraki, Thomaïs
_eAuteur
245 1 2 _aLa Convention Européenne Des Droits De L'homme Et Le Droit A La Liberté De Certains Malades Et Marginaux :
_cPar Thomaïs Douraki; Avant-propos De Pierre-henri Teitgen; Préface De Alexandre-charles Kiss.
264 1 _aParis :
_bLibrairie Générale De Droit Et De Jurisprudence,
_c1986.
300 _a104 pages,
_c24 cm
_b
336 _2rda content
_atext
337 _2rda media
_aComputer
338 _2rda carrier
_aOnline Resource
490 _aBibliotheque De Droit International
_vTome Xcvii
504 _aComprend des références bibliographiques.
546 _aTexte en français
650 1 4 _aDroit international public
700 1 _aKiss, Alexandre-charles
_ePréfacier
700 1 _aTeitgen, Pierre-henri
_eContributeur
856 4 0 _uhttps://fll.law.cu.edu.eg/fulltext/bks/B11-08985.pdf
905 _a48
942 _2ddc
_cBK
_e21
_n0
999 _c69014
_d69014